| 000 | 00622nam a2200241Ia 4500 | ||
|---|---|---|---|
| 003 | OSt | ||
| 005 | 20250521150344.0 | ||
| 008 | 220927b |||||||| |||| 00| 0 eng d | ||
| 020 | _a9812531769 | ||
| 037 | _cTextual | ||
| 040 |
_aSDCL _cSDCL _beng |
||
| 041 |
_2eng _aeng |
||
| 084 | _aD6,8(B2895),1 P6 | ||
| 100 |
_aSilberschatz, Abraham _9809230 |
||
| 245 | 0 | _aOperating system principles | |
| 250 | _a7 | ||
| 260 |
_aSingapore _bJohn Wiley _c2006 |
||
| 300 | _axx,896p. | ||
| 650 |
_aElectronics _9809032 |
||
| 700 |
_a Galvin, Peter Baer _9809231 |
||
| 942 |
_cTEXL _2CC _n0 |
||
| 999 |
_c786189 _d786189 |
||